| 000 | 01135cam a2200301 i 4500 | ||
|---|---|---|---|
| 001 | 63680 | ||
| 003 | Mx-PuUPA | ||
| 005 | 20250929151415.0 | ||
| 008 | 151021s2011 puma gr 000 0 spa d | ||
| 040 |
_aMx-PuUPA _bspa _cMx-PuUPA _dMx-PuUPA _erda |
||
| 041 | 0 | _aspa | |
| 043 |
_2mx-mxbn _bn-mx-pu |
||
| 100 | 1 |
_aMartínez y Torres, Lilia, _eautor _91260 |
|
| 245 | 1 | 0 |
_aCasa poblana : _bel escenario de la memoria personal / _cLilia Martínez y Torres, investigación ; Adrián Mendieta, Lilia Martínez y Torres, edición de imágenes |
| 250 | _aPrimera edición | ||
| 264 | 1 |
_aMéxico : _bFototeca Lorenzo Becerril, _c2011 |
|
| 300 |
_a237 páginas : _bilustraciones ; _c33 cm. |
||
| 336 |
_atexto _2rdacontent _btxt |
||
| 337 |
_asin medio _2rdamedia _bn |
||
| 338 |
_avolumen _2rdacarrier _bnc |
||
| 651 | 4 |
_aPuebla (ciudad) _xVida social y costumbres |
|
| 651 | 4 |
_aPuebla (ciudad) _xHistoria |
|
| 700 | 1 |
_aMendieta, Adrián _eeditor de imagen |
|
| 700 | 1 |
_aMartínez y Torres, Lilia, _eeditor de imagen _91260 |
|
| 942 |
_2ddc _cLI _h392.360097248 _iM28 |
||
| 999 |
_c63680 _d63680 |
||